000 00797cam a2200193 4500
001 WB3619-27
008 000000n2000 000 0 eng u
035 _a(Sirsi) u105976
245 _aDome's wired village leads the way
260 _c2000
490 _aSunday Business
_v 14 May 2000, 17(2)
520 _aBritish Telecom and the directors of the Millennium Village plan to create Britain's first fully wired community. Every home will be part of a structured cabling scheme giving them access to a menu of services. This is heralded as Britain's biggest hard-wiring project to date.
590 _aWB
650 _aGREENWICH MILLENNIUM VILLAGE
650 _aHOME WORKING
650 _aBRITISH TELECOM
690 _aMANAGEMENT-BUSINESS MANAGEMENT-INFORMATION MANAGEMENT
942 _n0
999 _c63458
_d63458